| 000 | 00415nam a2200145 a 4500 | ||
|---|---|---|---|
| 001 | 4133 | ||
| 003 | CDMR | ||
| 005 | 20130116135252.0 | ||
| 008 | 130130s2001||||||||||||||||||||||||||||d | ||
| 040 |
_aCDMR _bcat _cCPC GIRONA |
||
| 245 | 0 |
_aAssociation of Citizens _b“Movement Mothers of Srebrenica and Zepa Enclaves” Activities 2000 |
|
| 260 |
_c2001 _bAssociation of Citizens |
||
| 490 | 0 |
_aBòsnia _92500 |
|
| 942 | _cMON | ||
| 999 |
_c4133 _d4133 |
||